000 00671cam a2200217 4500500
005 20260405000302.0
041 _afre
042 _adc
100 1 0 _aConche, Marcel
_eauthor
700 1 0 _aCerf, Juliette
_eauthor
245 0 0 _aMarcel Conche : “La mort ne peut plus m’enlever ma vie”
260 _c2006.
500 _a21
690 _aAntiquité
690 _aGrèce Antique
690 _aMarcel Conche
690 _aphilosophie
690 _aPoésie
786 0 _nPhilosophie magazine | 1 | 4-5 | 2006-05-01 | p. 20-22 | 1951-1787
856 4 1 _uhttps://shs.cairn.info/magazine-philosophie-magazine-2006-4-5-page-20?lang=fr&redirect-ssocas=7080
999 _c2035523
_d2035522